000 00329nab a22001097u 4500
008 130520b2000 xxu||||| |||| 00| 0 spa d
041 _aspa
100 1 _aSchoors, Antonn
_99839
245 0 0 _aQohelet: la ambigüedad del disfrutar
_cAntonn Schoors
773 0 _tConcilium
_gnº287,2000,págs. 45-54
_x0210-1041
_wRev134
942 _cAR
999 _c355854
_d355854